Virginia Woolf (Record no. 4527)

MARC details
000 -CABECERA
campo de control de longitud fija 01353cam a2200241 i 4500
001 - NÚMERO DE CONTROL
campo de control 991107167038306196
005 - FECHA Y HORA DE LA ÚLTIMA TRANSACCIÓN
campo de control 20250311154249.0
008 - DATOS DE LONGITUD FIJA--INFORMACIÓN GENERAL
campo de control de longitud fija 210123s2021 enk 000 0 eng d
020 ## - NÚMERO INTERNACIONAL ESTÁNDAR DEL LIBRO
Número Internacional Estándar del Libro 9781913947132
035 ## - NÚMERO DE CONTROL DEL SISTEMA
Número de control de sistema (OCoLC)1232273043
035 ## - NÚMERO DE CONTROL DEL SISTEMA
Número de control de sistema (OCoLC)on1232273043
040 ## - FUENTE DE LA CATALOGACIÓN
Centro catalogador/agencia de origen YDX
Lengua de catalogación eng
Centro/agencia transcriptor YDX
Centro/agencia modificador BDX
-- UKMGB
-- OCLCO
-- OCLCF
-- EZG
-- OCLCQ
-- OCLCO
-- WLM
090 ## - LOCALMENTE ASIGNADO TIPO-LC NÚMERO DE CLASIFICACIÓN (OCLC); NÚMERO DE CLASIFICACIÓN LOCAL (RLIN)
Número de clasificación (OCLC) (R) ; Numero de clasificación, CALL (RLIN) (NR) PR6045.O72
Número cutter local (OCLC) ; Número de libro/Signatura topográfica íntegra, CALL (RLIN) Z5684 2021
100 ## - ENTRADA PRINCIPAL--NOMBRE DE PERSONA
Nombre de persona Woolf, Virginia
Fechas asociadas al nombre 1882-1941
9 (RLIN) 23962
245 10 - MENCIÓN DE TÍTULO
Título Virginia Woolf
Resto del título : quotes from a feminist icon
Mención de responsabilidad, etc. / Virginia Woolf.
264 #1 - PRODUCCIÓN, PUBLICACIÓN, DISTRIBUCIÓN, FABRICACIÓN Y COPYRIGHT
Producción, publicación, distribución, fabricación y copyright London :
Nombre del de productor, editor, distribuidor, fabricante Laurence King Publishing,
Fecha de producción, publicación, distribución, fabricación o copyright 2021.
300 ## - DESCRIPCIÓN FÍSICA
Extensión 127 pages ;
Dimensiones 17 cm
504 ## - NOTA DE BIBLIOGRAFÍA, ETC.
Nota de bibliografía, etc. Includes bibliographical references.
520 ## - SUMARIO, ETC.
Sumario, etc. "The first and collection of Virginia Woolf's most inspirational quotes. 'No need to hurry. No need to sparkle. No need to be anybody but oneself.' Over 100 words of wisdom from the inimitable Virginia Woolf on love, literature, feminism, food, work, ageing, authenticity, nature, truth, happiness and everything in between, carefully selected and curated from Woolf's timeless novels, essays and speeches. A celebration of one of the world's best loved writers and a true feminist icon, in a beautifully packaged, small-format gift book." --
Fuente proveedora Publisher.
600 #0 - PUNTO DE ACCESO ADICIONAL DE MATERIA--NOMBRE DE PERSONA
Nombre de persona Woolf, Virginia
Fechas asociadas al nombre 1882-1941
Subdivisión de forma Quotations.
9 (RLIN) 23962
655 #0 - TÉRMINO DE INDIZACIÓN--GÉNERO/FORMA
Datos o término principal de género/forma Quotations
9 (RLIN) 23002
942 ## - ELEMENTOS DE ENTRADA AGREGADA (KOHA)
Fuente del sistema de clasificación o colocación Clasificación de Library of Congress
Holdings
Estado de retiro Estado de pérdida Fuente del sistema de clasificación o colocación Estado dañado No para préstamo Biblioteca de origen Biblioteca actual Fecha de adquisición Total de préstamos Signatura topográfica completa Código de barras Fecha visto por última vez Número de copia Precio válido a partir de Tipo de ítem Koha
    Clasificación de Library of Congress     TBS Barcelona TBS Barcelona 11/03/2025   PR6045.O72 WOO B05928 11/03/2025 1 11/03/2025 Book

Powered by Koha